Chất sử thi trong Đất nước đứng lên của Nguyên Ngọc
Sử thi và khuynh hướng sử thi trong nền VHVN 1945-1975. Đất nước đứng lên-bản anh hùng ca về Tây Nguyên bất khuất...
Guardado en:
| Autor principal: | |
|---|---|
| Otros Autores: | |
| Formato: | Libro |
| Lenguaje: | Vietnamese |
| Publicado: |
Đà Nẵng
ĐH Sư Phạm
2008
|
| Materias: | |
| Etiquetas: |
Agregar Etiqueta
Sin Etiquetas, Sea el primero en etiquetar este registro!
|
| Thư viện lưu trữ: | Mạng thư viện Đại học Đà Nẵng |
|---|
| LEADER | 01406nam a2200373 4500 | ||
|---|---|---|---|
| 001 | 000010887 | ||
| 003 | 7110 | ||
| 005 | 20111223081236.0 | ||
| 008 | 111223s2008 viesd | ||
| 041 | |a vie | ||
| 082 | |a 895.922334 |b HO-T | ||
| 100 | |a Hoàng Anh Tú |e Tác giả | ||
| 245 | |a Chất sử thi trong Đất nước đứng lên của Nguyên Ngọc |c Hoàng Anh Tú | ||
| 260 | |a Đà Nẵng |b ĐH Sư Phạm |c 2008 | ||
| 300 | |a 57 tr |c 29 cm | ||
| 500 | |a Khóa luận tốt nghiệp | ||
| 520 | |a Sử thi và khuynh hướng sử thi trong nền VHVN 1945-1975. Đất nước đứng lên-bản anh hùng ca về Tây Nguyên bất khuất... | ||
| 653 | |a Khóa luận | ||
| 653 | |a Tốt nghiệp | ||
| 653 | |a Khoa Ngữ văn | ||
| 653 | |a Chất sử thi | ||
| 653 | |a Đất nước đứng lên | ||
| 653 | |a Nguyên Ngọc | ||
| 700 | |a Nguyễn Khắc Sính |c TS. |e Người hướng dẫn | ||
| OWN | |a LSP | ||
| AVA | |a UDN50 |b LSP |d 895.922334 HO-T |e available |t Error 5001 Not defined in file expand_doc_bib_avail. |f 1 |g 0 |h N |i 0 |k 1 | ||
| 999 | |a From the UDN01 | ||
| AVA | |a UDN50 |b LSP |d 895.922334 HO-T |e available |t Error 5001 Not defined in file expand_doc_bib_avail. |f 1 |g 0 |h N |i 0 |k 1 | ||
| TYP | |a Monograph | ||
| TYP | |a Printed language | ||
| 980 | |a Mạng thư viện Đại học Đà Nẵng | ||